| 000 | 00323nam a2200109Ia 4500 | ||
|---|---|---|---|
| 005 | 20251222152046.0 | ||
| 008 | 251222s9999||||xx |||||||||||||| ||spa|| | ||
| 020 | _a978-968-18-1953-8 | ||
| 082 | _a664.02/C525 | ||
| 245 | 0 | _aTecnología de alimentos: Procesos quémicos y físicos en la preparación de alimentos | |
| 942 | _cLIB | ||
| 999 |
_c26217 _d26217 |
||